书目信息 |
| 书名: | Our puppy's baby book | |
| 作者: | Wiley INC. | |
| 分册号: | ||
| 分册名: | 出版地: | Hoboken |
|
| 出版社: | Wiley | |
| 出版时间: | 2005 | |
| 页数: | 35P | |
| 开本: | 16CM | |
| 丛书名: | ||
| 中图分类号: | ||
| 科图分类号: | ||
| 其他分类号: | G613 | |
| 主题词: | ||
| 电子资源: | ||
| 000 | 00365nam0 2200133 450 | |
| 001 | 202012002897 | |
| 005 | 20121201104222.0 | |
| 008 | 12120101s | |
| 020 | @a9780764595783@bHARD@c$11.99 | |
| 099 | @dG613@eW6767 | |
| 245 | @aOur puppy's baby book. @cWiley INC. | |
| 260 | 0 | @a Hoboken@bWiley@c2005 |
| 300 | @a35P@c16CM | |
| 905 | @aTSG@b13810-1@dG613@eW6767 | |
| Our puppy's baby book. / Wiley INC.- Hoboken : Wiley , 2005 |
| 35P ; 16CM |
| ISBN 9780764595783HARD$11.99 |
| ● |
| 相关链接 |
|
|
|
正题名:Our puppy's baby book
索取号:G613/W6767
 
预约/预借
| 序号 | 登录号 | 条形码 | 馆藏地/架位号 | 状态 | 备注 |
| 1 | 13810 | 300138107 | 社科库409/409社科库 119排2列4层/ [索取号:G613/W6767] | 在馆 | |
| 2 | 13811 | 300138116 | 社科库409/409社科库 119排2列4层/ [索取号:G613/W6767] | 在馆 |